Quick Pick: 'SpongeBob SquarePants' Characters Quiz Stats

Quiz Updated May 4, 2016

Challenge
Share
Tweet
Embed
Score 0/7 Timer 00:30
6 Plays Today
% Correct
SquarePants
96.3%
Star
91.7%
Tentacles
88.1%
Cheeks
86.5%
Krabs
78.8%
Plankton
74.8%
Fancyson
71.5%

Today's Daily Dose

Word Ladder
KISS Hit

On This Day
January 22nd

You're not logged in!

Compare scores with friends on all Sporcle quizzes.
Sign Up with Email
OR
Log In

You Might Also Like...

Show Comments

Extras

Top Quizzes Today


Score Distribution

Your Account Isn't Verified!

In order to create a playlist on Sporcle, you need to verify the email address you used during registration. Go to your Sporcle Settings to finish the process.